000 00730nam a2200241 a 4500
001 57434
003 BD-RjUL
005 20211209080519.0
008 101216s1978 maua b 001 0 eng
020 _a0674954807
035 _a(BD-RjUL) 57558
040 _aLC
_beng
_cLC
_dLC
_dBD-RjUL
041 _aeng
082 0 0 _a345.48697
_223
_bWOM 1978
245 0 0 _aWomen in the Muslim world /
_cedited by Lois Beck and Nikki Keddie.
260 _aCambridge, Mass. :
_bHarvard University Press,
_cc1978.
300 _axi, 698 p. :
_bill. ;
_c24 cm.
504 _aIncludes bibliographies and index.
650 0 _aMuslim women.
_9170556
700 1 _aKeddie, Nikki R.
_9170557
700 1 _aBeck, Lois,
_d1944-
_9170558
942 _2ddc
_cBK
999 _c57434
_d57434